| 000 | 01106cam a22003137a 4500 | ||
|---|---|---|---|
| 003 | CHAP | ||
| 005 | 20220329135605.0 | ||
| 008 | 971013s1973 r 00010 d | ||
| 010 | _a38977 | ||
| 011 | _a39949 | ||
| 035 | _a44074 | ||
| 040 | _cCHAP | ||
| 082 |
_a636.4 _bP5Y |
||
| 100 | 0 | 0 |
_aPinheiro Machado, Luis Carlos. _988198 |
| 245 | 1 | 4 | _aLos cerdos |
| 260 |
_aBuenos Aires : _bHemisferio Sur, _c1973 |
||
| 300 |
_a528 p. _b: ilus. |
||
| 590 |
_aBATCH-UPD _b10 _c20130109 _lUCH01 _h2310 |
||
| 590 |
_aBATCH-UPD _b10 _c20130110 _lUCH01 _h2315 |
||
| 590 |
_aCONVERSION _b10 _c20130109 _lUCH01 _h1322 |
||
| 650 | 1 | 4 |
_aGanado porcino. _945328 |
| 901 | _aBK | ||
| 942 | _cLIBRO | ||
| 949 |
_a636.4 P5Y _bBC _cLIBRO _d-100837 _eLIBRO _h31771 _i44074 _si _t198.00 |
||
| 949 |
_a636.4 P5Y _bBC _cLIBRO _d-100840 _eLIBRO _fc.2 _h31896 _i44074 _si _t198.00 |
||
| 949 |
_a636.4 P5Y _bBC _cLIBRO _d33724000924841 _eLIBRO _fc.3 _h31897 _i44074 _si _t198.00 |
||
| 949 |
_a636.4 P5Y _bBC _cLIBRO _d33724000924908 _eLIBRO _fc.4 _h31998 _i44074 _si _t198.00 |
||
| 949 |
_a636.4 P5Y _bBC _cLIBRO _d33724002020918 _eLIBRO _fc.5 _h39645 _i44074 _si _t198.00 |
||
| 999 |
_c38977 _d38977 |
||